| 000 | 01366nam a2200409 i 4500 | ||
|---|---|---|---|
| 001 | 35734 | ||
| 003 | KOSZ 005 | ||
| 005 | 20220425090222.0 | ||
| 008 | 980627s1998 pl a f f |001 0 pol | ||
| 015 | _aPB 1998/8058 | ||
| 020 | _a8301093242 | ||
| 020 | _a8301093226 | ||
| 040 |
_aWA N _cWA N _dKOSZ 005/HR |
||
| 041 | 1 |
_apol _heng |
|
| 046 | _k1978 | ||
| 080 | _a53 | ||
| 080 | _a(075.8) | ||
| 100 | 1 |
_aHalliday, David _d(1916-2010) _eAutor |
|
| 245 | 1 | 0 |
_aFizyka. _nT. 2 / _cDavid Halliday, Robert Resnick ; [z ang. tł. Teresa Kaniowska, Wojciech Ratyński]. |
| 246 | 1 |
_iTyt. oryg.: _aPhysics, _f1978. |
|
| 250 | _aWyd. 10. | ||
| 260 |
_aWarszawa : _bWydawnictwo Naukowe PWN, _c1998. |
||
| 300 |
_a661, [2] s. : _bfot., rys., wykr. ; _c24 cm. |
||
| 380 | _aKsiążki | ||
| 388 | _a1901-2000 | ||
| 500 | _aW t. 1 odwrotna kolejność aut. | ||
| 504 | _aIndeksy. | ||
| 650 | 4 | _aFizyka | |
| 655 | 4 | _aPodręczniki akademickie | |
| 658 | _aFizyka i astronomia | ||
| 700 | 1 |
_aRatyński, Wojciech _d(1932-2007) _eTłumaczenie |
|
| 700 | 1 |
_aResnick, Robert _d(1923-2014) _eAutor |
|
| 700 | 1 |
_aKaniowska, Teresa _eTłumaczenie |
|
| 710 | 2 |
_aWydawnictwo Naukowe PWN _4pbl. |
|
| 856 |
_uhttp://koha.tu.koszalin.pl/cgi-bin/koha/opac-detail.pl?biblionumber=35734 _yKatalog online BPK |
||
| 942 |
_2UKD _cKS |
||
| 999 |
_c35734 _d35734 |
||